[Event "GER OS-073 email"]
[Site "GER email"]
[Date "2008.12.07"]
[Round "?"]
[White "Lenaif, Sven Peter"]
[Black "Deckert, Frank"]
[Result "1/2-1/2"]
[WhiteElo "1856"]
[BlackElo "1640"]
[PlyCount "61"]
[EventDate "2008.??.??"]
[EventType "tourn (corr)"]
[EventRounds "5"]
[EventCountry "GER"]
[SourceTitle "Corr 2011"]
[Source "ChessBase"]
[SourceDate "2010.08.31"]
[SourceVersion "1"]
[SourceVersionDate "2010.08.31"]
[SourceQuality "1"]

1. e4 c6 2. d4 d5 3. Nc3 a6 4. Nf3 Bg4 5. Bd3 e6 6. 0-0 Nf6 7. h3 Bxf3 8. Qxf3 dxe4 9. Nxe4 Nxe4 10. Qxe4 Nd7 11. Bf4 Nf6 12. Qe5 Qd5 13. c4 Qxe5 14. dxe5 Nd7 15. Rad1 Be7 16. g4 h6 17. Bc2 0-0-0 18. a4 Nb6 19. b3 Rxd1 20. Rxd1 Rd8 21. Rxd8+ Kxd8 22. Bd2 Nd7 23. f4 Ke8 24. Kf2 g5 25. Kg3 Kf8 26. Kf3 Ke8 27. Ke4 Nc5+ 28. Kf3 Nd7 29. Bc3 Bd8 30. Bb4 Bc7 31. Bd2 1/2-1/2

[Event "GER AK-1757 email"]
[Site "GER email"]
[Date "2008.08.25"]
[Round "?"]
[White "Boecker, Marcus"]
[Black "Deckert, Frank"]
[Result "0-1"]
[WhiteElo "2231"]
[BlackElo "2116"]
[PlyCount "106"]
[EventDate "2008.??.??"]
[EventType "tourn (corr)"]
[EventRounds "6"]
[EventCountry "GER"]
[SourceTitle "Corr 2011"]
[Source "ChessBase"]
[SourceDate "2010.08.31"]
[SourceVersion "1"]
[SourceVersionDate "2010.08.31"]
[SourceQuality "1"]

1. d4 Nf6 2. c4 e6 3. Nc3 Bb4 4. f3 c5 5. a3 Bxc3+ 6. bxc3 d5 7. e4 dxe4 8. Bg5 Qa5 9. Ne2 Nbd7 10. d5 exd5 11. Bxf6 Nxf6 12. cxd5 0-0 13. Qb3 exf3 14. gxf3 c4 15. Qxc4 Qxd5 16. Qxd5 Nxd5 17. 0-0-0 Ne3 18. Rd4 Be6 19. Kb2 Rfd8 20. Nf4 Rxd4 21. cxd4 Nxf1 22. Rxf1 Rd8 23. Nxe6 fxe6 24. Rd1 Kf7 25. Kc3 Rd5 26. Rb1 b6 27. Kd3 Kf6 28. Ke4 Ra5 29. Rb3 g5 30. f4 gxf4 31. Kxf4 Rh5 32. Kg3 Rd5 33. Rb4 b5 34. a4 a5 35. Rxb5 Rxb5 36. axb5 Ke7 37. Kf4 a4 38. Ke5 a3 39. b6 Kd7 40. b7 Kc7 41. Kxe6 a2 42. d5 a1Q 43. d6+ Kxb7 44. d7 Qe1+ 45. Kd6 Qd2+ 46. Ke7 Kc7 47. h4 Qxd7+ 48. Kf6 Qg4 49. h5 Qxh5 50. Kg7 h6 51. Kh7 Qg5 52. Kh8 Kd7 53. Kh7 Ke7 0-1

[Event "Ruhrgebiet VK1 0708"]
[Site "Germany"]
[Date "2008.04.27"]
[Round "9.1"]
[White "Limbourg, Philipp"]
[Black "Deckert, Frank"]
[Result "1-0"]
[WhiteElo "2196"]
[BlackElo "2037"]
[PlyCount "31"]
[EventDate "2007.09.16"]
[EventType "team-tourn"]
[EventRounds "9"]
[EventCountry "GER"]
[SourceTitle "EXT 2009"]
[Source "ChessBase"]
[SourceDate "2008.11.26"]
[SourceVersion "1"]
[SourceVersionDate "2008.11.26"]
[SourceQuality "1"]
[WhiteTeam "Muelheim Nord III"]
[BlackTeam "Brambauer "]
[WhiteTeamCountry "GER"]
[BlackTeamCountry "GER"]

1. e4 c6 2. Nc3 d5 3. Nf3 Bg4 4. h3 Bh5 5. exd5 cxd5 6. g4 Bg6 7. Ne5 Qd6 8. d4 a6 9. Bf4 Nc6 10. Bg2 Qb4 11. a3 Qxd4 12. Nxd5 0-0-0 13. Qxd4 Nxd4 14. Nb6+ Kc7 15. Ned7+ e5 16. Bxe5+ 1-0